zpět

Detail výsledku týmu

No limit bar, Plzeň

Datum a čas kvízu

25.5 Celkem bodů Celkový počet nahraných bodů na tomto kvízu bez doplňovacích otázek.
3. Pořadí na kvízu Konečné umístění týmu na tomto kvízu.

Zaznamenané odpovědi

# Otázka Odpověď Body Výsledky
1. Facebook minulý týden zablokov... Trutnov 0
2. Sestry boromejky v polské Vrat... opilý muž 1
3. V pondělí spustila Prima nový... Prima Show 1
4. Další z diskontních řetězců pů... Penny Market 1
5. Unie českých fotbalových trené... Pavel Vrba 0
6. Pojďme se společně chvíli troc... Casper 1
7. I v nevinně vypadajících hračk... Annabelle 1
8. Máloco člověku způsobilo takov... A) Overlook 0
9. Dokážete správně přiřadit tyto... 1B 2C 3D 4A 1
10. Bílá paní je nejen nadpřirozen... gin 0